000 00619nam a22001937a 4500
999 _c15353
_d15353
003 AR-CdUCM
008 190426b ||||| |||| 00| 0 spa d
020 _a9972-876-28-4
040 _aMUNICIPALIDAD PROVINCIAL DEL CUSCO
_cBIBLIOTECA MUNICIPAL DEL CUSCO
082 _aPI / 809.1 /
_bF56
245 _aEl flautista de Hamelin /
260 _aPerú :
_bNavarrete.
300 _a10 páginas ;
_bilustraciones,
_c30 cm.
440 _aColección Fantasía Mágica.
_934398
650 _aCuentos infantiles
_93927
710 _aCorporación Gráfica Navarrete.
_933296
942 _2ddc
_cLIBROS
945 _aachl
_d2019-04-26